Patrimonio artístico de la Quebrada: el arte religioso en capillas de la Quebrada de Humahuaca
Salvato in:
| Autori principali: | , , , |
|---|---|
| Natura: | Libro |
| Lingua: | spagnolo francese inglese |
| Pubblicazione: |
San Salvador de Jujuy
Cuadernos del Duende
2004
|
| Edizione: | 1a. ed |
| Soggetti: | |
| Tags: |
Aggiungi Tag
Nessun Tag, puoi essere il primo ad aggiungerne!!
|
MARC
| LEADER | 00000nam a2200000 a 4500 | ||
|---|---|---|---|
| 001 | UCH2356 | ||
| 003 | CL-VaPUC | ||
| 008 | 090611e20040000ag |||||||||||||||||spa|d | ||
| 020 | |a 9872101663 | ||
| 041 | 0 | 7 | |a spa |2 CL-VaPUC |
| 041 | 0 | 7 | |a fre |2 CL-VaPUC |
| 041 | 0 | 7 | |a eng |2 CL-VaPUC |
| 082 | 0 | 4 | |a 704.9482 |b CAL |2 21 |
| 100 | 0 | |a Calvó, Leonor |e author |9 537104 | |
| 700 | 0 | |a González, Graciela |e author |9 537105 | |
| 700 | 0 | |a Rodríguez, Eulalia |e author |9 537106 | |
| 700 | 0 | |a Nocera, Cecilia |e author |9 537107 | |
| 245 | 1 | 0 | |a Patrimonio artístico de la Quebrada: el arte religioso en capillas de la Quebrada de Humahuaca |
| 246 | 1 | 4 | |a The religious art in churches of the Quebrada de Humahuaca |
| 246 | 1 | 2 | |a L'art coloniale dans les chapelles de la Quebrada de Humahuaca |
| 250 | |a 1a. ed | ||
| 300 | |a 61 p | ||
| 942 | |c BK | ||
| 945 | |d 20090611 00:00:00 |a rbrito | ||
| 260 | |a San Salvador de Jujuy |b Cuadernos del Duende |c 2004 | ||
| 650 | 0 | |a Arte religioso |9 330545 | |
| 650 | 0 | |a Estilos artísticos |9 340996 | |
| 650 | 7 | |a PINTURA RELIGIOSA |2 CL-VaPUC |9 340359 | |
| 650 | 7 | |a ESCULTURA RELIGIOSA |2 CL-VaPUC |9 537108 | |
| 651 | 7 | |a QUEBRADA DE HUMAHUACA |2 CL-VaPUC |9 537109 | |
| 583 | |a last modification |c 20150504 02:23:18 |k Rodrigo Vera | ||
| 999 | |c 334101 |d 334099 | ||
| 952 | |0 0 |1 0 |4 0 |6 704_948200000000000_CAL_2004 |7 0 |8 X |9 422923 |a FDOMLP |b FDOMLP |d 2019-11-22 |i 4559959 |o 704.9482 CAL 2004 |p 4559959 |r 2019-11-22 |w 2019-11-22 |y BK_X |k BU2 | ||